000
00270nam a2200133Ia 4500
100
_a
Instuction manual
942
_c
BK
654
_a
Model-86-88/ V 86
245
_a
Anshuman - model -86-88/v 86
260
_b
none
300
_a
60
546
_a
ENGLISH
999
_c
35358
_d
35358